Sea Idioms Quiz Stats

 Plays Quiz Updated Sep 19, 2018

Score 0/20 Timer 05:00
7 Plays Today
% Correct
A loan shark
92.3%
Fishy
91.6%
Plenty more fish in the sea
91.3%
Packed like sardines
91.2%
To run a tight ship
90.5%
To have bigger fish to fry
90.3%
A big fish in a small pond
89.3%
To rock the boat
87.7%
A whale of a time
86.9%
Tip of the iceberg
86.4%
% Correct
The coast is clear
85.8%
To stem the tide
84.4%
Like shooting fish in a barrel
84.2%
A drop in the ocean
83.3%
Like a fish out of water
82.9%
The world is your oyster
82.6%
Neither fish nor fowl
81.1%
Any port in storm
78.2%
Another kettle of fish
76.3%
All is fish that comes to the net
65.4%

You're not logged in!

Compare scores with friends on all Sporcle quizzes.
OR
Log In

Sporcle TV

Today on Sporcle TV


Watch our educational content, quiz creation guides, and fun videos on Sporcle TV.

Show Comments

Extras

Top Quizzes Today


Score Distribution

Your Account Isn't Verified!

In order to create a playlist on Sporcle, you need to verify the email address you used during registration. Go to your Sporcle Settings to finish the process.

Report this User

Report this user for behavior that violates our Community Guidelines.

Details: